000 00752nam a2200205 4500
001 114088
003 ES-MaACL
005 20230906190056.0
007 t|
008 061121s1936 sp r ||||1| spa d
100 1 _aPaitre, F.
_988342
245 1 0 _aPráctica anatomoquirúrgica ilustrada /
_cpor F. Paitre , H. Lacaze y S. Dupret.
250 _a1ª ed.
260 _aBarcelona :
_bSalvat,
_c1936.
300 _a3 v. :
_bil ;
_c27 cm.
505 8 _aContiene: V. I-IV. Abdomen.- V. V. Cráneo y raquis. - V. VI. Cara y órganos de los sentidos.- V. VII. Cuello. V. VIII. Tórax. - V. IX. Miembro superior. - V. X. Miembro inferior.
700 1 _aLacaze, H.
_969349
700 1 _aDupret, Simon.
_9168282
852 _aES-MaACL
_jB-13843-5
_bR.22088
999 _c114088
_d114088